| 000 | 00506nam a2200109Ia 4500 | ||
|---|---|---|---|
| 008 | 171212s9999 xx 000 0 und d | ||
| 100 | _aNolte, Ellen;Conklin, Annalijn;Adams, John L.;Brunn, Matthias;Cadier, Benjamin | ||
| 245 |
_cNolte, Ellen;Conklin, Annalijn;Adams, John L.;Brunn, Matthias;Cadier, Benjamin _aEvaluating chronic disease management _bRecommendations for funders and users |
||
| 260 |
_bRAND Corporation _c2012 |
||
| 650 | _aHealth Sciences | ||
| 856 | _uwww.jstor.org/stable/10.7249/j.ctt3fh111 | ||
| 999 |
_c352022 _d352022 |
||